Major League Teams with State Names - Statistics

General Stats
  • This quiz has been taken 203 times
    35 since last reset
  • The average score is 11 of 19
Answer Stats
Answer % Correct
Carolina Panthers
85%
Florida Panthers
85%
Minnesota Timberwolves
75%
Arizona Cardinals
70%
Minnesota Twins
70%
Minnesota Vikings
70%
Tennessee Titans
65%
Arizona Diamondbacks
60%
Indiana Pacers
60%
New England Patriots
60%
Golden State Warriors
55%
Minnesota Wild
55%
Texas Rangers
55%
Utah Jazz
55%
Carolina Hurricanes
50%
Colorado Rockies
50%
Utah Mammoth
45%
Colorado Avalanche
40%
New Jersey Devils
30%
No matching quizzes found
Score Distribution
Percent of People with Each Score
Percentile by Number Answered
Your Score History
You have not taken this quiz since the last reset